| 000 | 00343nam a22001337a 4500 | ||
|---|---|---|---|
| 008 | 170620b xxu||||| |||| 00| 0 eng d | ||
| 020 | _a00609618800387 | ||
| 041 | _aeng | ||
| 080 | _a32 | ||
| 100 | _a18 | ||
| 101 | _aSHH | ||
| 245 |
_aAT WARIN NICARAGUA THE REAGAN DOCTRINEAND THE POLITICS OF NOSTALGIA _cBURNS.E.B |
||
| 942 |
_2udc _cBK |
||
| 999 |
_c18230 _d18230 |
||